[Event "5.liga SE-SI 2019/2020"]
[Site "?"]
[Date "2020.02.01"]
[Round "6.1"]
[White "Tomasovic, Pavol"]
[Black "Lanza, Matej"]
[Result "1-0"]
[WhiteElo "1244"]
[BlackElo "1154"]
[PlyCount "129"]
[EventDate "2019.10.19"]
[WhiteTeam "Å K Å tefanov B"]
[BlackTeam "Å K Nafta Gbely D"]

1. e4 e5 2. Nf3 Nc6 3. Bb5 a6 4. Ba4 Nf6 5. O-O Bc5 6. c3 Nxe4 7. d4 exd4 8.
cxd4 Ba7 9. Re1 d5 10. Bxc6+ bxc6 11. Nc3 Bf5 12. Ng5 Qe7 13. f3 Qb4 14. fxe4
Qxd4+ 15. Qxd4 Bxd4+ 16. Kf1 dxe4 17. Ncxe4 O-O 18. Nf3 Ba7 19. Nf2 Be6 20. Be3
Bc4+ 21. Kg1 Bxe3 22. Rxe3 h6 23. b3 Be6 24. Rae1 Rad8 25. Ne5 Rd2 26. R3e2
Rxe2 27. Rxe2 Bd5 28. Nc4 Rb8 29. Nd3 Rd8 30. Nf4 Kh8 31. Nxd5 cxd5 32. Ne5 Kg8
33. Nc6 Rd6 34. Nd4 c5 35. Nf5 Re6 36. Rxe6 fxe6 37. Nd6 Kf8 38. Kf2 Ke7 39.
Nb7 Kf6 40. Nxc5 e5 41. Ke3 Kf5 42. g3 h5 43. Nxa6 e4 44. b4 Ke5 45. Nc5 d4+
46. Kd2 d3 47. Ke3 d2 48. Kxd2 Kd4 49. Nxe4 Kxe4 50. Kc3 Kd5 51. a4 Kc6 52. Kc4
g5 53. h3 Kd6 54. b5 Ke5 55. b6 g4 56. hxg4 hxg4 57. b7 Ke4 58. b8=Q Kf3 59.
Kd3 Kg2 60. Qf4 Kh3 61. Ke4 Kh2 62. Qxg4 Kg2 63. Ke3 Kh2 64. Kf2 Kh1 65. Qh3#
1-0

[Event "5.liga SE-SI 2019/2020"]
[Site "?"]
[Date "2020.02.01"]
[Round "6.2"]
[White "Oslej, Marek"]
[Black "Tutkova, Ludmila"]
[Result "1-0"]
[WhiteElo "1242"]
[BlackElo "1241"]
[PlyCount "163"]
[EventDate "2019.10.19"]
[WhiteTeam "CVÄŒ Senica C"]
[BlackTeam "Å K Skalica D"]

1. e4 e5 2. Nf3 Nc6 3. Bc4 Nf6 4. d3 d5 5. exd5 Nxd5 6. O-O Bc5 7. c3 Bg4 8.
Re1 O-O 9. Bg5 Qd7 10. Nbd2 h6 11. Bh4 Nf4 12. Qc2 Rfe8 13. Bg3 Qf5 14. h3
Nxh3+ 15. gxh3 Bxf3 16. Nxf3 Qxf3 17. Kh2 Bd6 18. Re3 Qf5 19. Rf1 Rad8 20. Kg2
Ne7 21. Rf3 Qd7 22. Bxf7+ Kh8 23. Bxe8 Rxe8 24. Qb3 Ng6 25. Qf7 Qxf7 26. Rxf7
b6 27. Rf3 a5 28. Re3 Kh7 29. Rfe1 c5 30. d4 cxd4 31. cxd4 Bb4 32. R1e2 e4 33.
Rxe4 Rxe4 34. Rxe4 Bd2 35. d5 b5 36. b3 Bc3 37. d6 Nf8 38. Re8 Nd7 39. Re7 Nc5
40. d7 Nb7 41. Bh4 Bb2 42. Re8 g5 43. d8=Q Nxd8 44. Rxd8 gxh4 45. Rb8 b4 46.
Ra8 Ba3 47. Rxa5 Kg6 48. Kf3 Bb2 49. Kg4 Bd4 50. Kxh4 Bxf2+ 51. Kg4 Be3 52. Rb5
Bd2 53. h4 Kf6 54. Kf3 Kg6 55. Ke2 Bc3 56. Kd3 h5 57. Rg5+ Kh6 58. Kc4 Be1 59.
Rb5 Bxh4 60. Rxb4 Be1 61. Rb5 h4 62. Rf5 Bg3 63. Rf1 h3 64. a4 h2 65. a5 Bf2
66. Rh1 Bg1 67. b4 Kg6 68. Kd5 Kf7 69. Kd6 Ke8 70. Kc7 Ke7 71. b5 Bd4 72. b6
Be5+ 73. Kc8 Kf6 74. a6 Kg5 75. a7 Kg4 76. a8=Q Kh3 77. Qf3+ Bg3 78. Rxh2+ Kxh2
79. b7 Bd6 80. Qe2+ Kh3 81. Qd3+ Bg3 82. b8=Q 1-0

[Event "5.liga SE-SI 2019/2020"]
[Site "?"]
[Date "2020.02.01"]
[Round "6.2"]
[White "Dubanova, Kristina"]
[Black "Babic, Patrik"]
[Result "1-0"]
[WhiteElo "1115"]
[BlackElo "1000"]
[PlyCount "51"]
[EventDate "2019.10.19"]
[WhiteTeam "Å K Skalica D"]
[BlackTeam "CVÄŒ Senica C"]

1. e4 e5 2. f4 exf4 3. Nf3 Nc6 4. Bc4 d6 5. d4 Nf6 6. Nc3 a6 7. Bxf4 b5 8. Bd3
Bb7 9. O-O Nh5 10. Be3 Be7 11. Nd5 O-O 12. c4 Na7 13. Nc3 Qd7 14. Ne2 bxc4 15.
Bc2 Qe6 16. Nc3 Nf6 17. Ng5 Qd7 18. h3 h6 19. Nf3 Qe6 20. Nd2 d5 21. e5 Nd7 22.
Bf5 Qc6 23. Qg4 Nb6 24. e6 fxe6 25. Bxh6 Bf6 26. Bxe6+ 1-0

[Event "5.liga SE-SI 2019/2020"]
[Site "?"]
[Date "2020.02.01"]
[Round "6.2"]
[White "Kaufmanova, Karin"]
[Black "Tutka, Stepan"]
[Result "1-0"]
[WhiteElo "1126"]
[BlackElo "1081"]
[PlyCount "63"]
[EventDate "2019.10.19"]
[WhiteTeam "CVÄŒ Senica C"]
[BlackTeam "Å K Skalica D"]

1. e4 e5 2. Nf3 Nc6 3. Bc4 Nf6 4. d3 h6 5. Nc3 d6 6. Be3 Bg4 7. Qd2 Nb4 8.
O-O-O d5 9. exd5 Nfxd5 10. Nxd5 Nxd5 11. Rhe1 Be7 12. d4 e4 13. h3 Bxf3 14.
gxf3 Bb4 15. c3 Ba5 16. fxe4 Nb6 17. Bb3 O-O 18. Bxh6 Qf6 19. Bxg7 Kxg7 20.
Rg1+ Kh7 21. e5 Qh6 22. Bc2+ f5 23. Rg5 Nc4 24. Qf4 Kh8 25. Kb1 Nxb2 26. Rg8+
Kh7 27. Bxf5+ Rxf5 28. Qxf5+ Kxg8 29. Rg1+ Kh8 30. Rg6 Rf8 31. Rxh6+ Kg7 32.
Qg6# 1-0

[Event "5.liga SE-SI 2019/2020"]
[Site "?"]
[Date "2020.02.01"]
[Round "6.2"]
[White "Kroupova, Veronika"]
[Black "Otepka, Peter"]
[Result "1/2-1/2"]
[WhiteElo "1000"]
[BlackElo "1022"]
[PlyCount "46"]
[EventDate "2019.10.19"]
[WhiteTeam "Å K Skalica D"]
[BlackTeam "CVÄŒ Senica C"]

1. e4 e5 2. Nf3 Nc6 3. d4 d6 4. dxe5 dxe5 5. Bg5 Nf6 6. Bb5 Qxd1+ 7. Kxd1 Bg4
8. Bxf6 gxf6 9. Nc3 O-O-O+ 10. Ke1 Bxf3 11. gxf3 Rg8 12. Bxc6 bxc6 13. Rd1
Rxd1+ 14. Kxd1 Bb4 15. a3 Bxc3 16. bxc3 Rd8+ 17. Kc1 Kb7 18. Rd1 Rxd1+ 19. Kxd1
Kb6 20. h4 Kb5 21. Kc1 Ka4 22. Kb2 Kb5 23. h5 h6 1/2-1/2

[Event "5.liga SE-SI 2019/2020"]
[Site "?"]
[Date "2020.02.01"]
[Round "6.2"]
[White "Kaufman, Roman"]
[Black "Kroupa, Roman"]
[Result "0-1"]
[WhiteElo "1000"]
[BlackElo "1000"]
[PlyCount "74"]
[EventDate "2019.10.19"]
[WhiteTeam "CVÄŒ Senica C"]
[BlackTeam "Å K Skalica D"]

1. e4 e5 2. Nf3 Nc6 3. Bb5 Bc5 4. Bxc6 bxc6 5. Nxe5 Qh4 6. d4 Qxe4+ 7. Be3 Qxg2
8. Qf3 Qxf3 9. Nxf3 Bd6 10. Nc3 Nf6 11. O-O-O Bb4 12. Bd2 d5 13. Rde1+ Be6 14.
Ng5 Kd7 15. f4 h6 16. Nxe6 fxe6 17. Rhg1 Rhg8 18. a3 Bd6 19. Ne2 Ne4 20. Be3 g5
21. Ref1 c5 22. h4 g4 23. Ng3 Raf8 24. f5 Nxg3 25. fxe6+ Ke7 26. Rxf8 Rxf8 27.
Kb1 Nf5 28. dxc5 Nxe3 29. cxd6+ Kxd6 30. Rg3 Rf3 31. Rg1 Rf1+ 32. Rxf1 Nxf1 33.
Kc1 g3 34. e7 Kxe7 35. Kd1 g2 36. Ke2 g1=Q 37. Kd3 Qe3# 0-1

[Event "5.liga SE-SI 2019/2020"]
[Site "?"]
[Date "2020.02.01"]
[Round "6.3"]
[White "Svrcek, Daniel"]
[Black "Nemeckay, Rastislav"]
[Result "1/2-1/2"]
[WhiteElo "1523"]
[BlackElo "1931"]
[PlyCount "45"]
[EventDate "2019.10.19"]
[WhiteTeam "Šachový klub Holíè C"]
[BlackTeam "Interchess ZŠ Borský Mikuláš"]

1. e4 e5 2. Nf3 Nc6 3. Bb5 Nge7 4. c3 d6 5. h3 g6 6. d4 Bd7 7. O-O Bg7 8. Be3
O-O 9. Bc4 h6 10. d5 Nb8 11. Bd3 f5 12. exf5 Nxf5 13. Nbd2 Be8 14. b3 Nd7 15.
Ne4 Nf6 16. c4 Nxe4 17. Bxe4 b6 18. a4 a5 19. Qd2 Kh7 20. Rae1 Qf6 21. Nh2 h5
22. Bg5 Qf7 23. Nf3 1/2-1/2

[Event "5.liga SE-SI 2019/2020"]
[Site "?"]
[Date "2020.02.01"]
[Round "6.3"]
[White "Sefcik, Oliver"]
[Black "Nemeckay, Dominik"]
[Result "0-1"]
[WhiteElo "1190"]
[BlackElo "1453"]
[PlyCount "53"]
[EventDate "2019.10.19"]
[WhiteTeam "Šachový klub Holíè C"]
[BlackTeam "Interchess ZŠ Borský Mikuláš"]

1. e4 e5 2. Nf3 Nc6 3. Bc4 Bc5 4. O-O d6 5. h3 Nf6 6. d3 Be6 7. Bxe6 fxe6 8.
Bg5 O-O 9. Nbd2 Qd7 10. c3 Rae8 11. a4 a5 12. Nb3 Ba7 13. Re1 d5 14. Qc2 Nh5
15. Rad1 Nf4 16. d4 Nxh3+ 17. Kf1 exd4 18. cxd4 Nxg5 19. Nxg5 h6 20. Nf3 Nb4
21. Nc5 Nxc2 22. Nxd7 Nxe1 23. Nxf8 Nxf3 24. gxf3 Rxf8 25. Rd3 Rf4 26. exd5
exd5 27. b3 0-1

[Event "5.liga SE-SI 2019/2020"]
[Site "?"]
[Date "2020.02.01"]
[Round "6.3"]
[White "Visvader, Rudolf"]
[Black "Suchovsky, Martin"]
[Result "1-0"]
[WhiteElo "1289"]
[BlackElo "1000"]
[PlyCount "69"]
[EventDate "2019.10.19"]
[WhiteTeam "Interchess ZŠ Borský Mikuláš"]
[BlackTeam "Šachový klub Holíè C"]

1. d4 d5 2. Nf3 h6 3. e3 Nf6 4. Bd3 b6 5. Nbd2 Nc6 6. c3 e6 7. O-O Qd7 8. e4
dxe4 9. Nxe4 Be7 10. Re1 Bb7 11. Bf4 Nd5 12. Qd2 f5 13. Ng3 O-O-O 14. a3 Bf6
15. Rxe6 Rde8 16. Rxe8+ Rxe8 17. Bxf5 Re6 18. Bxe6 Qxe6 19. Re1 Qg4 20. Re4
Nxf4 21. Qxf4 Qd7 22. Qf5 Ne7 23. Qxd7+ Kxd7 24. Re2 g6 25. Ne5+ Kd6 26. Nf7+
Kd7 27. Nxh6 Bg5 28. Nf7 Bf6 29. Ne5+ Kd6 30. Nf1 Nc6 31. Nxg6 Ba6 32. Re1 Bd3
33. Nf4 Bc2 34. Re6+ Kd7 35. Rxf6 1-0

[Event "5.liga SE-SI 2019/2020"]
[Site "?"]
[Date "2020.02.01"]
[Round "6.3"]
[White "Gaza, Erik"]
[Black "Zverka, Peter Samuel"]
[Result "1/2-1/2"]
[WhiteElo "1000"]
[BlackElo "1439"]
[PlyCount "73"]
[EventDate "2019.10.19"]
[WhiteTeam "Šachový klub Holíè C"]
[BlackTeam "Interchess ZŠ Borský Mikuláš"]

1. e4 c5 2. Nf3 Nc6 3. Bc4 d6 4. h3 g6 5. O-O Bg7 6. d3 Nf6 7. Nc3 O-O 8. Be3
Na5 9. a3 Nxc4 10. dxc4 Be6 11. Qd3 Qa5 12. Nd5 Nxd5 13. cxd5 Bd7 14. c3 Bb5
15. c4 Ba6 16. Rab1 b5 17. Nd2 Rab8 18. Bg5 Rb7 19. b4 Qb6 20. Rfc1 Bd4 21. g4
cxb4 22. Rxb4 Bxf2+ 23. Kg2 Bc5 24. Rb3 f6 25. Bh4 bxc4 26. Rxb6 cxd3 27. Rxa6
Rb2 28. Be1 Be3 29. Rd1 Rc8 30. Rc6 Rxc6 31. dxc6 Bxd2 32. Rxd2 Rb6 33. c7 Rc6
34. Rxd3 Rxc7 35. a4 Rc4 36. Ra3 Rxe4 37. Bf2 1/2-1/2

[Event "5.liga SE-SI 2019/2020"]
[Site "?"]
[Date "2020.02.01"]
[Round "6.4"]
[White "Kanka, Tomas"]
[Black "Jakubec, Milan"]
[Result "0-1"]
[WhiteElo "1762"]
[BlackElo "1999"]
[PlyCount "78"]
[EventDate "2019.10.19"]
[WhiteTeam "JabuÄ�a Petrova Ves - Gbely E"]
[BlackTeam "Å O Spartak Myjava B"]

1. e4 e5 2. Nc3 Nc6 3. Nf3 Nf6 4. d4 exd4 5. Nxd4 Bb4 6. Nxc6 bxc6 7. Bd3 O-O
8. O-O Re8 9. Bg5 h6 10. Bh4 g5 11. Bg3 Bxc3 12. bxc3 Nxe4 13. Qh5 Kg7 14. Bxe4
Rxe4 15. f4 f6 16. fxg5 hxg5 17. h4 Qe8 18. Qf3 Qe7 19. hxg5 fxg5 20. Bxc7 Ba6
21. Bd6 Qe6 22. c4 Bxc4 23. Qc3+ Kg6 24. Rf8 Rxf8 25. Bxf8 Qe5 26. Qxe5 Rxe5
27. a3 Re2 28. Rd1 Be6 29. c3 Bd5 30. Kf1 Rc2 31. Bb4 Bxg2+ 32. Kg1 Bd5 33. Rf1
Rg2+ 34. Kh1 g4 35. c4 Bf3 36. Re1 g3 37. Re6+ dxe6 38. Bf8 Rh2+ 39. Kg1 Rh1#
0-1

[Event "5.liga SE-SI 2019/2020"]
[Site "?"]
[Date "2020.02.01"]
[Round "6.4"]
[White "Otepka, Vladimir"]
[Black "Kastler, Peter"]
[Result "0-1"]
[WhiteElo "1741"]
[BlackElo "1684"]
[PlyCount "128"]
[EventDate "2019.10.19"]
[WhiteTeam "Å O Spartak Myjava B"]
[BlackTeam "JabuÄ�a Petrova Ves - Gbely E"]

1. d4 d5 2. Nf3 Nf6 3. c4 e6 4. Nc3 Be7 5. e3 O-O 6. Bd3 b6 7. O-O Bb7 8. b3 c5
9. Bb2 dxc4 10. Bxc4 cxd4 11. exd4 Nd5 12. Rc1 Nxc3 13. Bxc3 Bd5 14. Qe2 Nc6
15. Rfd1 Bf6 16. Ne5 Rc8 17. Ba6 Rc7 18. Nxc6 Rxc6 19. Bb5 Rc7 20. Bb4 Be7 21.
Rxc7 Qxc7 22. Bxe7 Qxe7 23. Bc4 Rd8 24. Bxd5 Rxd5 25. Qc4 g6 26. Kf1 Qh4 27. h3
Kg7 28. a4 Qe4 29. Re1 Qxd4 30. Qxd4+ Rxd4 31. Rc1 a5 32. Ke2 Kf6 33. Ke3 Rb4
34. Rc3 b5 35. axb5 Rxb5 36. Kd4 Rb4+ 37. Kd3 a4 38. bxa4 Rxa4 39. Ke3 h5 40.
g3 Kf5 41. f3 Ra7 42. f4 Ra1 43. Kf3 Ra5 44. g4+ Kf6 45. Kg3 g5 46. fxg5+ Rxg5
47. Rf3+ Kg6 48. Re3 hxg4 49. hxg4 Ra5 50. Kf4 Ra4+ 51. Kg3 Ra6 52. Kf4 f6 53.
Kg3 e5 54. Kh4 Ra1 55. Re4 Rh1+ 56. Kg3 Kg5 57. Kg2 Rd1 58. Kg3 Rd4 59. Rxd4
exd4 60. Kf3 d3 61. Ke3 Kxg4 62. Kxd3 Kf3 63. Kd2 f5 64. Ke1 Kg2 0-1

[Event "5.liga SE-SI 2019/2020"]
[Site "?"]
[Date "2020.02.01"]
[Round "6.4"]
[White "Mraz, Jan"]
[Black "Knapek, Adrian"]
[Result "1-0"]
[WhiteElo "1636"]
[BlackElo "1388"]
[PlyCount "99"]
[EventDate "2019.10.19"]
[WhiteTeam "JabuÄ�a Petrova Ves - Gbely E"]
[BlackTeam "Å O Spartak Myjava B"]

1. d4 d5 2. e3 e6 3. Bd3 Nf6 4. Ne2 Bd6 5. Ng3 Nc6 6. a3 Bd7 7. O-O h6 8. b3
Qe7 9. c4 dxc4 10. bxc4 Bxg3 11. fxg3 Qd8 12. Nc3 Ne7 13. Rb1 b6 14. Qf3 O-O
15. e4 Ng6 16. Bb2 e5 17. d5 c6 18. h3 Nh7 19. h4 Qf6 20. Qe3 Qe7 21. Be2 Qc5
22. Qxc5 bxc5 23. a4 cxd5 24. cxd5 Rab8 25. Ba3 Rxb1 26. Rxb1 f5 27. Rb7 Bc8
28. Rc7 fxe4 29. Bxc5 Rd8 30. Bc4 Nf6 31. Rxa7 Bf5 32. Bb6 Re8 33. Rc7 Rb8 34.
a5 Nd7 35. d6+ Kh7 36. Nd5 Ngf8 37. Ne7 Nxb6 38. axb6 Be6 39. Bxe6 Nxe6 40. b7
Nxc7 41. dxc7 Rxb7 42. c8=Q Rxe7 43. Qf5+ g6 44. Qxe4 Kg7 45. g4 Kf6 46. h5
gxh5 47. gxh5 Rg7 48. Qc6+ Kg5 49. g4 Kxg4 50. Qg2+ 1-0

[Event "5.liga SE-SI 2019/2020"]
[Site "?"]
[Date "2020.02.01"]
[Round "6.4"]
[White "Belak, Michal"]
[Black "Papanek, Lubomir"]
[Result "1-0"]
[WhiteElo "1260"]
[BlackElo "1566"]
[PlyCount "129"]
[EventDate "2019.10.19"]
[WhiteTeam "Å O Spartak Myjava B"]
[BlackTeam "JabuÄ�a Petrova Ves - Gbely E"]

1. e4 c5 2. Bc4 Nc6 3. Nf3 d6 4. O-O Bg4 5. Nc3 e6 6. h3 Bxf3 7. Qxf3 a6 8. a3
Ne5 9. Qe2 Nxc4 10. Qxc4 Ne7 11. d4 cxd4 12. Qxd4 Nc6 13. Qd3 Be7 14. b3 O-O
15. Qg3 Bh4 16. Qg4 Ne5 17. Qe2 Qc7 18. Nd1 Rac8 19. Ne3 Bf6 20. Rb1 Nc6 21.
Bb2 Bxb2 22. Rxb2 Nd4 23. Qd2 Nb5 24. a4 Qc3 25. Qc1 Nd4 26. Kh2 Ne2 27. Qa1
Qe5+ 28. g3 Qxe4 29. c4 Nd4 30. h4 Nf3+ 31. Kh3 Rc5 32. Qd1 Rd8 33. Re2 Qc6 34.
Ng2 Qc8 35. Nf4 e5+ 36. Kg2 Nxh4+ 37. gxh4 Qg4+ 38. Kh2 Qxf4+ 39. Kh3 Qf3+ 40.
Kh2 Qg4 41. f3 Qxh4+ 42. Kg1 Qe7 43. Rff2 f6 44. Qb1 g6 45. f4 f5 46. Rg2 Qf6
47. Qb2 Kf7 48. Rh2 Kg7 49. Qc1 e4 50. Qf1 Rc7 51. Rh3 Rh8 52. Reh2 Kg8 53. Qd1
Rg7 54. Rd2 g5 55. Rg3 gxf4 56. Rxg7+ Qxg7+ 57. Rg2 Qxg2+ 58. Kxg2 Kf7 59. Qxd6
Rg8+ 60. Kf2 f3 61. Qd7+ Kf6 62. Qxh7 Rg2+ 63. Kf1 e3 64. Qh6+ Rg6 65. Qxe3 1-0

[Event "5.liga SE-SI 2019/2020"]
[Site "?"]
[Date "2020.02.01"]
[Round "6.4"]
[White "Ralbovsky, Milan"]
[Black "Galik, Marcel"]
[Result "0-1"]
[WhiteElo "1276"]
[BlackElo "1000"]
[PlyCount "86"]
[EventDate "2019.10.19"]
[WhiteTeam "JabuÄ�a Petrova Ves - Gbely E"]
[BlackTeam "Å O Spartak Myjava B"]

1. e4 e5 2. Qh5 d6 3. Bc4 g6 4. Qf3 Qf6 5. Nc3 Qxf3 6. Nxf3 Be7 7. Nd5 Bd8 8.
d3 c6 9. Nc3 Bg4 10. Ng5 Bxg5 11. Bxg5 h6 12. Be3 Ne7 13. h3 Be6 14. O-O-O Nd7
15. Bxe6 fxe6 16. f4 exf4 17. Bxf4 e5 18. Be3 b6 19. Rhf1 O-O-O 20. Rf7 Rde8
21. Rdf1 g5 22. b3 Kd8 23. Kb1 Ref8 24. Bc1 Ke8 25. Rxf8+ Rxf8 26. Rxf8+ Nxf8
27. Ba3 Kd7 28. Ne2 Ne6 29. c3 c5 30. Kc2 Nf4 31. Nxf4 gxf4 32. Bc1 Ng6 33. g3
fxg3 34. Bxh6 Nf4 35. d4 g2 36. dxe5 dxe5 37. Bg7 Ke6 38. b4 g1=Q 39. Bf8 c4
40. Kb2 Nd3+ 41. Ka3 b5 42. Bh6 Qg2 43. Bc1 Nxc1 0-1

[Event "5.liga SE-SI 2019/2020"]
[Site "?"]
[Date "2020.02.15"]
[Round "7.1"]
[White "Knapek, Adrian"]
[Black "Hyza, Richard"]
[Result "1-0"]
[WhiteElo "1388"]
[BlackElo "1232"]
[PlyCount "57"]
[EventDate "2019.10.19"]
[WhiteTeam "Å O Spartak Myjava B"]
[BlackTeam "Å K Nafta Gbely D"]

1. e4 Nf6 2. Nc3 d5 3. exd5 Nxd5 4. Nf3 Nxc3 5. bxc3 Nc6 6. Bc4 Bg4 7. h3 Bh5
8. O-O e6 9. g4 Bg6 10. d3 Bd6 11. Nd4 Nxd4 12. cxd4 Qf6 13. Be3 O-O 14. Qd2 h6
15. f4 Qh4 16. Qg2 c6 17. a4 Qd8 18. a5 Qc7 19. a6 b5 20. Bb3 Rab8 21. f5 exf5
22. gxf5 Bh7 23. Bxh6 Bh2+ 24. Kh1 Bg3 25. Be3 Bd6 26. Rg1 g6 27. fxg6 Bxg6 28.
Qxg6+ Kh8 29. Qg7# 1-0

[Event "5.liga SE-SI 2019/2020"]
[Site "?"]
[Date "2020.02.15"]
[Round "7.1"]
[White "Ralbovsky, Dominik"]
[Black "Stachovic, Jozef"]
[Result "1-0"]
[WhiteElo "1156"]
[BlackElo "1599"]
[PlyCount "77"]
[EventDate "2019.10.19"]
[WhiteTeam "Å K Nafta Gbely D"]
[BlackTeam "Å O Spartak Myjava B"]

1. g3 d5 2. Bg2 e6 3. Nf3 Nc6 4. O-O Nf6 5. d3 Bd7 6. Nbd2 Be7 7. c4 dxc4 8.
Nxc4 O-O 9. Nfe5 Nxe5 10. Nxe5 Bc8 11. Qb3 Nd5 12. e4 Nb6 13. f4 Qd4+ 14. Kh1
Qb4 15. Qxb4 Bxb4 16. f5 f6 17. Ng4 e5 18. Be3 Nd7 19. Rac1 Bd6 20. h4 b6 21.
Nf2 Ba6 22. Bf3 Rac8 23. Kg2 Bc5 24. Bxc5 Nxc5 25. Be2 Rfd8 26. Rfd1 Rd4 27.
Kf3 Nb7 28. g4 c5 29. g5 Rd6 30. gxf6 Rxf6 31. Ng4 Rd6 32. Nxe5 Nd8 33. b4 Nf7
34. Nxf7 Kxf7 35. bxc5 bxc5 36. h5 c4 37. dxc4 Rxd1 38. Bxd1 Rxc4 39. Bb3 1-0

[Event "5.liga SE-SI 2019/2020"]
[Site "?"]
[Date "2020.02.15"]
[Round "7.1"]
[White "Belak, Michal"]
[Black "Lanza, Matej"]
[Result "1-0"]
[WhiteElo "1260"]
[BlackElo "1154"]
[PlyCount "111"]
[EventDate "2019.10.19"]
[WhiteTeam "Å O Spartak Myjava B"]
[BlackTeam "Å K Nafta Gbely D"]

1. e4 e5 2. Nf3 Nc6 3. Bc4 Nf6 4. Nc3 h6 5. O-O Bc5 6. d3 O-O 7. Kh1 d6 8. Na4
a6 9. Nxc5 dxc5 10. a3 Bg4 11. Qe2 Nd4 12. Qd1 Nxf3 13. gxf3 Bh5 14. Rg1 Kh8
15. Rg3 Nxe4 16. Rg2 Ng5 17. Bxg5 hxg5 18. Rg3 Qe7 19. Qd2 f6 20. Rh3 Qe8 21.
Rg1 g6 22. Qe3 Qd7 23. Rhg3 Qd4 24. Qxd4 cxd4 25. Bd5 c6 26. Be6 Rad8 27. Rh3
Kg7 28. Bg4 Kh6 29. Bxh5 gxh5 30. Rhg3 c5 31. h4 Rg8 32. Kh2 b5 33. Kh3 a5 34.
hxg5+ fxg5 35. Re1 Rde8 36. Re4 a4 37. c3 dxc3 38. bxc3 b4 39. cxb4 cxb4 40.
Rxb4 h4 41. Rgg4 Ra8 42. Rxa4 Rxa4 43. Rxa4 Rf8 44. Kg2 Kh5 45. Re4 Rf4 46.
Rxe5 Ra4 47. Re3 Rxa3 48. d4 Ra5 49. Re4 Rd5 50. Kh3 Rf5 51. Kg2 Rd5 52. Rg4
Kg6 53. Re4 Kf5 54. Kh3 Rb5 55. Re7 Rd5 56. Re4 1-0

[Event "5.liga SE-SI 2019/2020"]
[Site "?"]
[Date "2020.02.15"]
[Round "7.1"]
[White "Hyza, Michal"]
[Black "Hargas, Marek"]
[Result "1-0"]
[WhiteElo "1000"]
[BlackElo "1000"]
[PlyCount "47"]
[EventDate "2019.10.19"]
[WhiteTeam "Å K Nafta Gbely D"]
[BlackTeam "Å O Spartak Myjava B"]

1. d4 d5 2. Nf3 e6 3. Bf4 Nf6 4. e3 h6 5. Bd3 c5 6. c3 c4 7. Bc2 Be7 8. Nbd2
Nc6 9. b3 b5 10. bxc4 bxc4 11. Rb1 O-O 12. O-O Qa5 13. Ba4 Bd7 14. Qc2 Nh5 15.
Rb7 Qd8 16. a3 Nxf4 17. Qd1 Nd3 18. Bc2 Rb8 19. Rxb8 Qxb8 20. Bb1 Bxa3 21. Qc2
Bd6 22. Ne1 Bxh2+ 23. Kh1 Nxe1 24. Qh7# 1-0

[Event "5.liga SE-SI 2019/2020"]
[Site "?"]
[Date "2020.02.15"]
[Round "7.2"]
[White "Visvader, Kristof"]
[Black "Kanka, Tomas"]
[Result "0-1"]
[WhiteElo "1393"]
[BlackElo "1762"]
[PlyCount "56"]
[EventDate "2019.10.19"]
[WhiteTeam "Interchess ZÅ  BorskÃ½ MikulÃ¡Å¡"]
[BlackTeam "JabuÄ�a Petrova Ves - Gbely E"]

1. e4 d5 2. exd5 Nf6 3. Nc3 Nxd5 4. Nxd5 Qxd5 5. d4 Nc6 6. Nf3 e5 7. dxe5 Qxd1+
8. Kxd1 Bg4 9. Bf4 Bxf3+ 10. gxf3 O-O-O+ 11. Bd3 Be7 12. Ke2 g5 13. Bg3 h5 14.
h3 Rhe8 15. Bf5+ Kb8 16. c3 Bd6 17. Rhd1 Nxe5 18. Bxe5 Rxe5+ 19. Be4 f5 20. Rd5
Rde8 21. Rxe5 Rxe5 22. Kd3 fxe4+ 23. fxe4 b5 24. Kd4 c5+ 25. Ke3 Kc7 26. Rd1
Kc6 27. f3 c4 28. Kd4 Re7 0-1

[Event "5.liga SE-SI 2019/2020"]
[Site "?"]
[Date "2020.02.15"]
[Round "7.2"]
[White "Mraz, Jan"]
[Black "Nemeckay, Dominik"]
[Result "1-0"]
[WhiteElo "1636"]
[BlackElo "1453"]
[PlyCount "33"]
[EventDate "2019.10.19"]
[WhiteTeam "JabuÄ�a Petrova Ves - Gbely E"]
[BlackTeam "Interchess ZÅ  BorskÃ½ MikulÃ¡Å¡"]

1. d4 d5 2. c4 c6 3. e3 Nf6 4. Nc3 Bf5 5. Bd2 e6 6. Qb3 Qc7 7. Rc1 Nbd7 8. h3
Bd6 9. Nf3 O-O 10. cxd5 exd5 11. Nb5 Qb8 12. Nxd6 Qxd6 13. Bb4 c5 14. dxc5 Qc6
15. Nd4 Qc7 16. Nxf5 Ne5 17. Bd3 1-0

[Event "5.liga SE-SI 2019/2020"]
[Site "?"]
[Date "2020.02.15"]
[Round "7.2"]
[White "Visvader, Rudolf"]
[Black "Papanek, Lubomir"]
[Result "0-1"]
[WhiteElo "1289"]
[BlackElo "1566"]
[PlyCount "114"]
[EventDate "2019.10.19"]
[WhiteTeam "Interchess ZÅ  BorskÃ½ MikulÃ¡Å¡"]
[BlackTeam "JabuÄ�a Petrova Ves - Gbely E"]

1. d4 Nf6 2. f3 d5 3. e3 e6 4. Bd3 c5 5. c3 Nc6 6. Nh3 cxd4 7. exd4 Bd6 8. Bf4
Nh5 9. Bxd6 Qxd6 10. O-O Nf4 11. Nxf4 Qxf4 12. Qd2 Qxd2 13. Nxd2 Bd7 14. a4 O-O
15. b4 a6 16. f4 Ne7 17. a5 Rac8 18. Rac1 Rc7 19. Nb1 Rfc8 20. g4 Ba4 21. Rf3
f5 22. g5 Be8 23. Kg2 g6 24. Bc2 Bf7 25. Bb3 Rd8 26. Rd3 Nc8 27. Nd2 Nd6 28. c4
dxc4 29. Bxc4 Rdc8 30. Rdc3 Kg7 31. Kf2 e5 32. fxe5 Nxc4 33. Ke2 Bd5 34. h3 Rc6
35. h4 Nxd2 36. Kxd2 Rxc3 37. Rxc3 Rxc3 38. Kxc3 Kf7 39. Kd3 Ke6 40. Ke3 Bc4
41. Kf4 Kd5 42. h5 Kxd4 43. hxg6 hxg6 44. b5 axb5 45. a6 bxa6 46. Kf3 Kxe5 47.
Ke3 b4 48. Kd2 f4 49. Kc2 f3 50. Kd2 Ke4 51. Ke1 Ke3 52. Kd1 f2 53. Kc2 f1=Q
54. Kb2 Qe2+ 55. Kc1 Qd2+ 56. Kb1 Kd3 57. Ka1 Qa2# 0-1

[Event "5.liga SE-SI 2019/2020"]
[Site "?"]
[Date "2020.02.15"]
[Round "7.2"]
[White "Ralbovsky, Milan"]
[Black "Zverka, Peter Samuel"]
[Result "0-1"]
[WhiteElo "1276"]
[BlackElo "1439"]
[PlyCount "80"]
[EventDate "2019.10.19"]
[WhiteTeam "JabuÄ�a Petrova Ves - Gbely E"]
[BlackTeam "Interchess ZÅ  BorskÃ½ MikulÃ¡Å¡"]

1. e4 c5 2. Bc4 Nc6 3. Qh5 e6 4. c3 Nf6 5. Qf3 g6 6. d3 Ne5 7. Qe2 Nxc4 8. dxc4
b6 9. Bg5 h6 10. Bf4 Bg7 11. Nf3 Bb7 12. Nbd2 O-O 13. h3 d5 14. e5 Nd7 15.
O-O-O Qc7 16. Rhe1 Rfe8 17. Qe3 Kh7 18. g4 Rad8 19. h4 Qc6 20. b3 dxc4 21. bxc4
Qa4 22. Kb2 b5 23. Ne4 Nb6 24. Nxc5 Nxc4+ 25. Ka1 Rxd1+ 26. Rxd1 Qxd1+ 27. Qc1
Qxc1+ 28. Bxc1 Bxf3 29. g5 h5 30. Be3 Nxe3 31. fxe3 Bxe5 32. Nd7 Bxc3+ 33. Kb1
Be4+ 34. Kc1 Rc8 35. Nf6+ Bxf6+ 36. Kd2 Rc2+ 37. Ke1 Bc3+ 38. Kf1 Bf3 39. e4
Bd4 40. e5 Rc1# 0-1

[Event "5.liga SE-SI 2019/2020"]
[Site "?"]
[Date "2020.02.15"]
[Round "7.3"]
[White "Romanova, Ela"]
[Black "Holiencin, Filip"]
[Result "0-1"]
[WhiteElo "1475"]
[BlackElo "1707"]
[PlyCount "120"]
[EventDate "2019.10.19"]
[WhiteTeam "Å K Skalica D"]
[BlackTeam "Å achovÃ½ klub HolÃ­Ä� C"]

1. e4 c5 2. Nf3 d6 3. Bb5+ Bd7 4. Bxd7+ Nxd7 5. c3 Ngf6 6. Qe2 e6 7. O-O Be7 8.
d4 cxd4 9. cxd4 O-O 10. Nc3 Nb6 11. Be3 Rc8 12. Rac1 d5 13. e5 Nfd7 14. Nd2 Nc4
15. b3 Nxe3 16. Qxe3 Qa5 17. a4 Bb4 18. Ncb1 b5 19. axb5 Qxb5 20. f4 Qa5 21.
Nf3 Qa6 22. Nh4 Be7 23. Nf3 Rfe8 24. Nc3 Rc6 25. Na4 Rec8 26. g3 Qb5 27. Rxc6
Qxc6 28. Qd2 Qc7 29. Kf2 a5 30. Kg1 Bb4 31. Qe3 Nb8 32. Rf2 Qc6 33. Ne1 Na6 34.
Nd3 Be7 35. Qd2 Qb5 36. Qd1 Ba3 37. Rc2 Qb7 38. Qd2 Bb4 39. Rxc8+ Qxc8 40. Nxb4
Nxb4 41. Nc5 Qc6 42. Qb2 Qb5 43. Qc3 h6 44. Kf2 Na2 45. Qd3 Qxd3 46. Nxd3 Nb4
47. Ke2 Nc2 48. Nc5 Nxd4+ 49. Ke3 Nc6 50. Kd3 Kf8 51. Kc3 Ke7 52. Kb2 f6 53.
exf6+ gxf6 54. Ka3 e5 55. fxe5 fxe5 56. Kb2 Kd6 57. Nd3 Nd4 58. Kc3 Nf3 59. h4
Nd4 60. g4 Nf3 0-1